[Event "Ruhrgebiet Verbandsliga2 1011"]
[Site "Nordrheinwestfalen"]
[Date "2011.04.10"]
[Round "9.2"]
[White "Kedziora, Claus"]
[Black "Sohlmann, Jan Henning"]
[Result "0-1"]
[WhiteElo "2140"]
[BlackElo "2100"]
[PlyCount "94"]
[EventDate "2010.09.12"]
[EventType "team-tourn"]
[EventRounds "9"]
[EventCountry "GER"]
[SourceTitle "EXT 2020"]
[Source "ChessBase"]
[SourceDate "2019.10.17"]
[SourceVersion "1"]
[SourceVersionDate "2019.10.17"]
[SourceQuality "1"]
[WhiteTeam "Gladbeck SG"]
[BlackTeam "Welper SV"]
[WhiteTeamCountry "GER"]
[BlackTeamCountry "GER"]

1. e4 e6 2. d4 d5 3. Nd2 c5 4. exd5 Qxd5 5. Ngf3 cxd4 6. Bc4 Qd6 7. 0-0 Nf6 8. Nb3 Nc6 9. Nbxd4 Nxd4 10. Nxd4 a6 11. Bb3 Qc7 12. Bg5 Bd6 13. Bxf6 gxf6 14. Qh5 0-0 15. Rad1 Kh8 16. Qh6 Be7 17. c3 Rg8 18. Bc2 f5 19. Rfe1 b5 20. Rd3 Rg6 21. Qh5 Bb7 22. Rg3 Rag8 23. Bxf5 exf5 24. Nxf5 Rxg3 25. hxg3 Qc6 26. Qh3 Bc5 27. Nh6 Qf6 28. Re2 Rd8 29. Qh5 Rf8 30. Nxf7+ Rxf7 31. Qxc5 Kg7 32. Re5 h6 33. Qd4 Kf8 34. g4 Kg7 35. g5 hxg5 36. Rxg5+ Kf8 37. Re5 Re7 38. Qd8+ Kf7 39. Rxe7+ Qxe7 40. Qxe7+ Kxe7 41. f3 Bd5 42. b3 a5 43. Kf2 Bxb3 44. a3 Ke6 45. Ke3 Kf5 46. g4+ Kg5 47. Kf2 Kf4 0-1

[Event "Ruhrgebiet VL2 0910"]
[Site "Germany"]
[Date "2010.04.18"]
[Round "9.2"]
[White "Kedziora, Claus"]
[Black "Hufelschulte, Norbert"]
[Result "1-0"]
[WhiteElo "2160"]
[BlackElo "2005"]
[PlyCount "45"]
[EventDate "2009.09.06"]
[EventType "team-tourn"]
[EventRounds "9"]
[EventCountry "GER"]
[SourceTitle "EXT 2011"]
[Source "ChessBase"]
[SourceDate "2010.11.26"]
[SourceVersion "1"]
[SourceVersionDate "2010.11.26"]
[SourceQuality "1"]
[WhiteTeam "Gladbeck SG"]
[BlackTeam "Hamm SVg"]
[WhiteTeamCountry "GER"]
[BlackTeamCountry "GER"]

1. e4 c5 2. Nf3 d6 3. d4 cxd4 4. Nxd4 Nf6 5. Nc3 a6 6. Bg5 e6 7. f4 Nbd7 8. Qf3 Qc7 9. 0-0-0 b5 10. e5 Bb7 11. Qh3 dxe5 12. Nxe6 fxe6 13. Qxe6+ Be7 14. Bxb5 0-0-0 15. Bxa6 Rhe8 16. fxe5 Bb4 17. Bxb7+ Kxb7 18. Qb3 Qa5 19. Rd4 Rxe5 20. Rxb4+ Nb6 21. Bf4 Rf5 22. Be3 Rd6 23. Nb5 1-0

[Event "Ruhrgebiet VL2 0910"]
[Site "Germany"]
[Date "2010.03.21"]
[Round "8.2"]
[White "Bree, Thomas"]
[Black "Kedziora, Claus"]
[Result "1-0"]
[WhiteElo "2233"]
[BlackElo "2160"]
[PlyCount "71"]
[EventDate "2009.09.06"]
[EventType "team-tourn"]
[EventRounds "9"]
[EventCountry "GER"]
[SourceTitle "EXT 2011"]
[Source "ChessBase"]
[SourceDate "2010.11.26"]
[SourceVersion "1"]
[SourceVersionDate "2010.11.26"]
[SourceQuality "1"]
[WhiteTeam "Brackel II"]
[BlackTeam "Gladbeck SG"]
[WhiteTeamCountry "GER"]
[BlackTeamCountry "GER"]

1. d4 d6 2. g3 Nd7 3. Bg2 e5 4. Nf3 c6 5. 0-0 Ngf6 6. c4 exd4 7. Nxd4 Ne5 8. b3 Qb6 9. Nc3 Be7 10. h3 h5 11. Be3 Qa5 12. Rc1 h4 13. g4 Nfxg4 14. hxg4 h3 15. Bf3 Bxg4 16. Kh1 h2 17. Bg2 Bh3 18. Bxh3 Rxh3 19. f3 Ng6 20. Qc2 Rh5 21. Ne4 0-0-0 22. Ng3 Re5 23. Ndf5 Nh4 24. b4 Nxf5 25. Nxf5 Qxb4 26. Bd4 Re6 27. Nxg7 Rh6 28. Nf5 Re6 29. Rb1 Qa5 30. e4 Bf8 31. Qb3 Rd7 32. Rb2 c5 33. Bc3 Qd8 34. Rxh2 Qg5 35. Bd2 Qf6 36. Rg1 1-0

[Event "Ruhrgebiet VL2 0910"]
[Site "Germany"]
[Date "2009.10.25"]
[Round "3.1"]
[White "Hahn, Matthias"]
[Black "Kedziora, Claus"]
[Result "0-1"]
[WhiteElo "2085"]
[BlackElo "2160"]
[PlyCount "122"]
[EventDate "2009.09.06"]
[EventType "team-tourn"]
[EventRounds "9"]
[EventCountry "GER"]
[SourceTitle "EXT 2011"]
[Source "ChessBase"]
[SourceDate "2010.11.26"]
[SourceVersion "1"]
[SourceVersionDate "2010.11.26"]
[SourceQuality "1"]
[WhiteTeam "Linden"]
[BlackTeam "Gladbeck SG"]
[WhiteTeamCountry "GER"]
[BlackTeamCountry "GER"]

1. d4 Nf6 2. Nf3 g6 3. g3 Bg7 4. Bg2 d5 5. c4 c6 6. 0-0 dxc4 7. Ne5 Be6 8. Na3 Bd5 9. Naxc4 Bxg2 10. Kxg2 0-0 11. b3 b5 12. Ne3 Qd6 13. Bb2 Nfd7 14. Nf3 Nb6 15. Rc1 N8d7 16. Qc2 Rfc8 17. Rfd1 a5 18. Nf1 a4 19. N1d2 Qe6 20. Qe4 Qxe4 21. Nxe4 axb3 22. axb3 Ra2 23. Rb1 Nd5 24. Rd2 Rca8 25. Rc1 R8a6 26. Nc3 Nxc3 27. Rxc3 Nf6 28. Bc1 Rxd2 29. Bxd2 Ne4 30. Rc2 Nxd2 31. Rxd2 Ra3 32. Rd3 e6 33. e3 b4 34. Nd2 Ra2 35. Nc4 Rc2 36. Kf3 f6 37. Rd2 Rc3 38. Rb2 f5 39. h4 c5 40. Ke2 cxd4 41. exd4 Bxd4 42. Rd2 Bf6 43. Rd3 Rc2+ 44. Rd2 Rc1 45. Rd1 Rxd1 46. Kxd1 Kf7 47. Ke2 e5 48. Ne3 Ke6 49. Kd3 e4+ 50. Kc4 Bc3 51. Nc2 h6 52. Nxb4 Be1 53. Nd5 Bxf2 54. Nf4+ Kf6 55. Ne2 Ke5 56. b4 g5 57. hxg5 hxg5 58. b5 f4 59. gxf4+ gxf4 60. Nc3 f3 61. Nd1 Bd4 0-1

[Event "Ruhrgebiet Regionalliga 0708"]
[Site "Germany"]
[Date "2008.02.24"]
[Round "6.2"]
[White "Kedziora, Claus"]
[Black "Naiditsch, Irina"]
[Result "0-1"]
[WhiteElo "2198"]
[BlackElo "2209"]
[PlyCount "74"]
[EventDate "2007.09.16"]
[EventType "team-tourn"]
[EventRounds "9"]
[EventCountry "GER"]
[SourceTitle "EXT 2009"]
[Source "ChessBase"]
[SourceDate "2008.11.26"]
[SourceVersion "1"]
[SourceVersionDate "2008.11.26"]
[SourceQuality "1"]
[WhiteTeam "Gladbeck SG"]
[BlackTeam "Brackel"]
[WhiteTeamCountry "GER"]
[BlackTeamCountry "GER"]

1. e4 c5 2. Nf3 d6 3. d4 cxd4 4. Qxd4 Nc6 5. Bb5 Bd7 6. Bxc6 Bxc6 7. c4 Nf6 8. Nc3 g6 9. b3 Bg7 10. Bb2 0-0 11. Nd5 b5 12. 0-0 e5 13. Nxf6+ Bxf6 14. Qd3 bxc4 15. Qxc4 Qb6 16. Rfd1 Be7 17. Rac1 Rac8 18. Rc3 Bb7 19. Qa4 Rxc3 20. Bxc3 Rc8 21. Bd2 Qc6 22. Qxa7 Ra8 23. Qe3 Rxa2 24. Bb4 Qb5 25. Qe1 Re2 26. Qc3 Qb6 27. Rf1 Rxe4 28. Ba3 Ba6 29. Nd2 Rg4 30. Qf3 h5 31. Qa8+ Kg7 32. Nc4 Qb5 33. Ne3 Rd4 34. Qa7 Bg5 35. Rc1 Bxe3 36. fxe3 Rd2 37. Qa8 Bb7 0-1

[Event "Ruhrgebiet Regionalliga 0708"]
[Site "Germany"]
[Date "2007.09.23"]
[Round "1.2"]
[White "Schleining, Zoya"]
[Black "Kedziora, Claus"]
[Result "0-1"]
[WhiteElo "2327"]
[BlackElo "2198"]
[PlyCount "137"]
[EventDate "2007.09.16"]
[EventType "team-tourn"]
[EventRounds "9"]
[EventCountry "GER"]
[SourceTitle "EXT 2009"]
[Source "ChessBase"]
[SourceDate "2008.11.26"]
[SourceVersion "1"]
[SourceVersionDate "2008.11.26"]
[SourceQuality "1"]
[WhiteTeam "Oberhausen"]
[BlackTeam "Gladbeck SG"]
[WhiteTeamCountry "GER"]
[BlackTeamCountry "GER"]

1. e4 c5 2. Nc3 Nc6 3. g3 g6 4. Bg2 Bg7 5. d3 e5 6. Nd5 Nce7 7. Ne2 Nxd5 8. exd5 d6 9. 0-0 Nh6 10. Nc3 0-0 11. Ne4 f6 12. Rb1 Nf7 13. f4 f5 14. Nf2 b5 15. a3 c4 16. dxc4 bxc4 17. Be3 Bb7 18. Qd2 Qc7 19. c3 Qa5 20. Rfe1 Rad8 21. Rbd1 Rd7 22. Qe2 Qa4 23. Bc1 Bc8 24. Rf1 Re8 25. Rde1 Rde7 26. Nd1 Bf6 27. Qf2 Qb5 28. Ne3 Qc5 29. Re2 Bg7 30. Rfe1 Kh8 31. Nc2 Qb5 32. Nd4 Qb6 33. Nc6 Qxf2+ 34. Kxf2 Rc7 35. Be3 a6 36. Bd4 e4 37. Rd2 Bb7 38. Bb6 Rd7 39. Na5 g5 40. fxg5 Ne5 41. Kg1 Nd3 42. Rf1 Bxd5 43. Rxf5 Be5 44. Nxc4 Bxc4 45. Bxe4 Nc1 46. Bc6 Rde7 47. Bxe8 Rxe8 48. Bf2 Nb3 49. Rd1 Be6 50. g4 Bxf5 51. gxf5 Bf4 52. h4 Nd2 53. f6 Kg8 54. Kg2 Kf7 55. Re1 Rxe1 56. Bxe1 Nc4 57. Kf3 Bc1 58. b3 Ne5+ 59. Ke4 Ke6 60. c4 Bxa3 61. h5 Bc1 62. Bh4 Bd2 63. f7 Nxf7 64. g6 hxg6 65. hxg6 Nh6 66. Bf2 Nf5 67. c5 d5+ 68. Kd3 Bc1 69. b4 0-1

[Event "Ruhrgebiet Regionalliga 0405"]
[Site "Ruhrgebiet"]
[Date "2005.04.17"]
[Round "9.2"]
[White "Dergatschova, Anna"]
[Black "Kedziora, Claus"]
[Result "0-1"]
[WhiteElo "2237"]
[BlackElo "2092"]
[PlyCount "84"]
[EventDate "2004.09.19"]
[EventType "team-tourn"]
[EventRounds "9"]
[EventCountry "GER"]
[SourceTitle "EXT 2006"]
[Source "ChessBase"]
[SourceDate "2005.11.24"]
[SourceVersion "1"]
[SourceVersionDate "2005.11.24"]
[SourceQuality "1"]
[WhiteTeam "Holsterhausen"]
[BlackTeam "Gladbeck SG"]
[WhiteTeamCountry "GER"]
[BlackTeamCountry "GER"]

1. e4 c5 2. Nf3 e6 3. b3 d6 4. Bb2 Nf6 5. Bb5+ Nbd7 6. e5 dxe5 7. Nxe5 Bd6 8. Nxd7 Bxd7 9. Bxd7+ Qxd7 10. Qf3 Be7 11. Nc3 Rd8 12. 0-0-0 Nd5 13. Ne4 0-0 14. Qg3 f6 15. a3 e5 16. h4 b5 17. Qf3 c4 18. b4 a5 19. bxa5 b4 20. axb4 Bxb4 21. d4 f5 22. Nc5 Qc6 23. c3 Bxc5 24. dxc5 Qxc5 25. a6 Rd6 26. Rd2 Nf4 27. Rxd6 Qxd6 28. a7 e4 29. Qe3 Nd3+ 30. Kc2 Qd7 31. Ra1 Qb7 32. Ba3 f4 33. Qd4 Qb3+ 34. Kd2 Re8 35. Qxe4 Qa4 36. Qd5+ Kh8 37. Bb2 Qb3 38. Bc1 Nxc1 39. Qe4 Rd8+ 40. Qd4 Rxd4+ 41. cxd4 Qd3+ 42. Ke1 Qc3+ 0-1

[Event "Ruhrgebiet VL2 0304"]
[Site "Ruhrgebiet"]
[Date "2004.02.29"]
[Round "7.1"]
[White "Kedziora, Claus"]
[Black "Pauling, Markus"]
[Result "1-0"]
[WhiteElo "2104"]
[BlackElo "2099"]
[PlyCount "90"]
[EventDate "2003.09.28"]
[EventType "team-tourn"]
[EventRounds "9"]
[EventCountry "GER"]
[SourceTitle "EXT 2007"]
[Source "ChessBase"]
[SourceDate "2006.11.23"]
[SourceVersion "1"]
[SourceVersionDate "2006.11.23"]
[SourceQuality "1"]
[WhiteTeam "Gladbeck SG"]
[BlackTeam "Mengede SG"]
[WhiteTeamCountry "GER"]
[BlackTeamCountry "GER"]

1. e4 c6 2. d4 d5 3. exd5 cxd5 4. c4 Nf6 5. Nc3 g6 6. Qb3 Bg7 7. cxd5 0-0 8. Be2 Re8 9. Bf3 e6 10. Nge2 Nxd5 11. Nxd5 exd5 12. Bxd5 Be6 13. Bxe6 Rxe6 14. Be3 Rb6 15. Qc3 Nc6 16. 0-0 Nb4 17. Qd2 Nd5 18. Nc3 Qd7 19. Rac1 Re8 20. Nxd5 Qxd5 21. b3 Bf8 22. Rc4 Rbe6 23. Qc2 b5 24. Rc7 Bd6 25. Rc8 f5 26. Bg5 f4 27. Qc6 Qxc6 28. Rxc6 Bb8 29. Rxe6 Rxe6 30. Rc1 Re8 31. Kf1 Kf7 32. Rc6 Re6 33. Rc5 Bd6 34. Rxb5 Re4 35. d5 Rd4 36. Rb7+ Ke8 37. Rxa7 Rxd5 38. Bf6 Rd2 39. Bc3 Rc2 40. Be1 g5 41. h3 h5 42. b4 g4 43. hxg4 hxg4 44. a3 Be5 45. Ra5 Bb2 1-0

[Event "Ruhrgebiet VL2 0304"]
[Site "Ruhrgebiet"]
[Date "2003.12.07"]
[Round "4.1"]
[White "Galonska, Joern"]
[Black "Kedziora, Claus"]
[Result "1-0"]
[WhiteElo "2198"]
[BlackElo "2104"]
[PlyCount "44"]
[EventDate "2003.09.28"]
[EventType "team-tourn"]
[EventRounds "9"]
[EventCountry "GER"]
[SourceTitle "EXT 2007"]
[Source "ChessBase"]
[SourceDate "2006.11.23"]
[SourceVersion "1"]
[SourceVersionDate "2006.11.23"]
[SourceQuality "1"]
[WhiteTeam "Horst"]
[BlackTeam "Gladbeck SG"]
[WhiteTeamCountry "GER"]
[BlackTeamCountry "GER"]

1. d4 Nf6 2. c4 g6 3. Nc3 Bg7 4. e4 d6 5. f3 0-0 6. Be3 Nc6 7. Qd2 a6 8. Bd3 e5 9. Nge2 Ng4 10. d5 Nxe3 11. Qxe3 Nd4 12. 0-0-0 Qh4 13. Kb1 c5 14. Na4 Bh6 15. Qg1 Qd8 16. Nac3 Bd7 17. h4 b5 18. h5 Bg5 19. Qh2 Qe7 20. Nxd4 cxd4 21. Ne2 Rfc8 22. cxb5 Bxb5 1-0

[Event "Ruhrgebiet VL2 0001"]
[Site "Ruhrgebiet"]
[Date "2001.05.13"]
[Round "9"]
[White "Kedziora, Claus"]
[Black "Bobzin, Pierre David"]
[Result "1/2-1/2"]
[WhiteElo "2136"]
[BlackElo "2147"]
[PlyCount "23"]
[EventDate "2000.09.17"]
[EventType "team-tourn"]
[EventRounds "9"]
[EventCountry "GER"]
[SourceTitle "EXT 2023"]
[Source "ChessBase"]
[SourceDate "2022.10.05"]
[SourceVersion "1"]
[SourceVersionDate "2022.10.05"]
[SourceQuality "1"]
[WhiteTeam "Gladbeck SG"]
[BlackTeam "Holsterhausen"]
[WhiteTeamCountry "GER"]
[BlackTeamCountry "GER"]

1. e4 c6 2. d4 d5 3. exd5 cxd5 4. c4 Nf6 5. Nc3 g6 6. Qb3 Bg7 7. cxd5 0-0 8. Be2 Nbd7 9. Bf3 Nb6 10. Nge2 Bg4 11. Bxg4 Nxg4 12. Na4 1/2-1/2

[Event "Ruhrgebiet VL2 0001"]
[Site "Ruhrgebiet"]
[Date "2001.03.18"]
[Round "7"]
[White "Kedziora, Claus"]
[Black "Schlange, Stefan"]
[Result "0-1"]
[WhiteElo "2136"]
[BlackElo "2194"]
[PlyCount "81"]
[EventDate "2000.09.17"]
[EventType "team-tourn"]
[EventRounds "9"]
[EventCountry "GER"]
[SourceTitle "EXT 2023"]
[Source "ChessBase"]
[SourceDate "2022.10.05"]
[SourceVersion "1"]
[SourceVersionDate "2022.10.05"]
[SourceQuality "1"]
[WhiteTeam "Gladbeck SG"]
[BlackTeam "Wattenscheid III"]
[WhiteTeamCountry "GER"]
[BlackTeamCountry "GER"]

1. e4 Nf6 2. e5 Nd5 3. d4 d6 4. Nf3 Bg4 5. Be2 e6 6. 0-0 Be7 7. c4 Nb6 8. exd6 cxd6 9. Nc3 0-0 10. Qb3 Nc6 11. Rd1 Qc8 12. Qb5 Qc7 13. c5 dxc5 14. dxc5 Nd7 15. Be3 a6 16. Qc4 Bxf3 17. gxf3 Nce5 18. Qf4 Nxc5 19. Rac1 Qb8 20. Qg3 Nc6 21. Bf4 e5 22. Bh6 Ne6 23. Bc4 Kh8 24. Be3 Ncd4 25. Nd5 Bc5 26. Kh1 Qd6 27. a3 b5 28. Bxd4 Nxd4 29. Bd3 Qxd5 30. Be4 Qd6 31. Rg1 g6 32. Bxa8 Rxa8 33. Rge1 f6 34. b4 Bb6 35. Qg4 f5 36. Qg3 Re8 37. Kg2 Qd5 38. Rc3 f4 39. Qg5 Bd8 40. Qh6 Nf5 41. Qh3 0-1

[Event "Ruhrgebiet VL2 0001"]
[Site "Ruhrgebiet"]
[Date "2000.10.15"]
[Round "2"]
[White "Klasmeier, Jens"]
[Black "Kedziora, Claus"]
[Result "0-1"]
[WhiteElo "2107"]
[BlackElo "2136"]
[PlyCount "62"]
[EventDate "2000.09.17"]
[EventType "team-tourn"]
[EventRounds "9"]
[EventCountry "GER"]
[SourceTitle "EXT 2023"]
[Source "ChessBase"]
[SourceDate "2022.10.05"]
[SourceVersion "1"]
[SourceVersionDate "2022.10.05"]
[SourceQuality "1"]
[WhiteTeam "Weisse Dame Borbeck II"]
[BlackTeam "Gladbeck SG"]
[WhiteTeamCountry "GER"]
[BlackTeamCountry "GER"]

1. e4 c5 2. b3 d6 3. Bb2 Nf6 4. Bb5+ Nc6 5. Nc3 e5 6. f4 Bd7 7. Nf3 exf4 8. 0-0 Be7 9. d4 0-0 10. Bxc6 Bxc6 11. d5 Bd7 12. Qd2 Nh5 13. Ne2 Bf6 14. e5 dxe5 15. Nxe5 Re8 16. Nd3 f3 17. Rxf3 Bg4 18. Rf2 Qxd5 19. Nc3 Qc6 20. h3 Bd7 21. Rxf6 Nxf6 22. Qg5 h6 23. Qg3 Nh5 24. Qf2 Rac8 25. Rf1 Qg6 26. Nd5 Bc6 27. N5f4 Nxf4 28. Nxf4 Qf5 29. h4 Qg4 30. c4 Re4 31. Bxg7 Rxf4 0-1

[Event "Sueder Sommer op 11th"]
[Site "Recklinghausen"]
[Date "2000.07.30"]
[Round "9"]
[White "Kedziora, Claus"]
[Black "Kneip, Karl"]
[Result "1-0"]
[WhiteElo "2229"]
[BlackElo "2126"]
[PlyCount "61"]
[EventDate "2000.07.22"]
[EventType "swiss"]
[EventRounds "9"]
[EventCountry "GER"]
[SourceTitle "EXT 2001"]
[Source "ChessBase"]
[SourceDate "2000.11.22"]
[SourceVersion "1"]
[SourceVersionDate "2000.11.22"]
[SourceQuality "1"]

1. e4 c5 2. Nf3 d6 3. d4 cxd4 4. Nxd4 Nf6 5. Nc3 a6 6. Bg5 e6 7. f4 Be7 8. Qf3 Qc7 9. 0-0-0 Nbd7 10. g4 h6 11. Bxf6 Nxf6 12. h4 Nd7 13. Bd3 b5 14. g5 Nc5 15. Qg2 b4 16. Nce2 Bb7 17. Kb1 Bf8 18. g6 f5 19. Ng3 0-0-0 20. Qe2 Kb8 21. Rh2 fxe4 22. Nxe4 Nxe4 23. Bxe4 Bxe4 24. Qxe4 d5 25. Qe2 Qd6 26. Nxe6 Re8 27. f5 Rg8 28. Qe3 Be7 29. Rhd2 Bxh4 30. Rxd5 Qc6 31. Qf4+ 1-0

[Event "Ruhrgebiet Daehne Cup"]
[Site "Ruhrgebiet"]
[Date "2000.04.09"]
[Round "3"]
[White "Kedziora, Claus"]
[Black "Mrozinski, Werner"]
[Result "1-0"]
[WhiteElo "2182"]
[BlackElo "1994"]
[PlyCount "51"]
[EventDate "2000.02.26"]
[EventType "k.o."]
[EventRounds "4"]
[EventCountry "GER"]
[SourceTitle "EXT 2024"]
[Source "ChessBase"]
[SourceDate "2023.10.10"]
[SourceVersion "1"]
[SourceVersionDate "2023.10.10"]
[SourceQuality "1"]

1. e4 d5 2. exd5 Qxd5 3. Nc3 Qa5 4. d4 c6 5. Nf3 Nf6 6. Bd2 Bf5 7. Ne5 Nbd7 8. Qf3 e6 9. Nxd7 Nxd7 10. Bc4 Bb4 11. 0-0 0-0 12. a3 Bxc3 13. Bxc3 Qc7 14. Bb3 Nf6 15. Rfe1 Rfd8 16. h3 a5 17. Re2 b5 18. Rae1 Nd5 19. Bd2 Qb6 20. c3 b4 21. axb4 axb4 22. c4 Nf6 23. d5 h5 24. Bg5 cxd5 25. Bxf6 gxf6 26. cxd5 1-0

[Event "Ruhrgebiet Daehne Cup"]
[Site "Ruhrgebiet"]
[Date "2000.02.26"]
[Round "2"]
[White "Kedziora, Claus"]
[Black "Bischof, Detlef"]
[Result "1-0"]
[WhiteElo "2182"]
[BlackElo "2170"]
[PlyCount "57"]
[EventDate "2000.02.26"]
[EventType "k.o."]
[EventRounds "4"]
[EventCountry "GER"]
[SourceTitle "EXT 2024"]
[Source "ChessBase"]
[SourceDate "2023.10.10"]
[SourceVersion "1"]
[SourceVersionDate "2023.10.10"]
[SourceQuality "1"]

1. e4 e6 2. d4 d5 3. Nd2 a6 4. Ngf3 c5 5. exd5 exd5 6. dxc5 Bxc5 7. Nb3 Ba7 8. Be2 Nf6 9. 0-0 0-0 10. c3 Nc6 11. Nbd4 Re8 12. Re1 Qd6 13. Be3 Ng4 14. Bg5 h6 15. Bh4 Nxd4 16. cxd4 Nf6 17. Qb3 Ne4 18. Rad1 f5 19. Ne5 g5 20. Bh5 Re7 21. Bg3 Nf6 22. Bf7+ Kg7 23. f4 Rxf7 24. fxg5 f4 25. gxh6+ Kg8 26. Bxf4 Rh7 27. Qg3+ Ng4 28. Nxg4 Qg6 29. Nf6+ 1-0

[Event "Essen op"]
[Site "Essen"]
[Date "2000.??.??"]
[Round "6"]
[White "Kedziora, Claus"]
[Black "Meijers, Viesturs"]
[Result "0-1"]
[WhiteElo "2245"]
[BlackElo "2482"]
[PlyCount "56"]
[EventDate "2000.??.??"]
[EventType "swiss"]
[EventRounds "9"]
[EventCountry "GER"]
[SourceTitle "EXT 2001"]
[Source "ChessBase"]
[SourceDate "2000.11.22"]
[SourceVersion "1"]
[SourceVersionDate "2000.11.22"]
[SourceQuality "1"]

1. e4 e5 2. Nf3 Nf6 3. d4 Nxe4 4. Bd3 d5 5. Nxe5 Bd6 6. 0-0 0-0 7. c4 c6 8. Nd2 Nxd2 9. Bxd2 dxc4 10. Bxc4 Nd7 11. Re1 Nb6 12. Bxf7+ Rxf7 13. Nxf7 Kxf7 14. Qh5+ Kf8 15. Bg5 Qd7 16. Qxh7 Nd5 17. Qh8+ Kf7 18. Re4 b6 19. Rae1 Bb7 20. Qh5+ Kg8 21. Qg6 Rf8 22. Re6 Bb4 23. R1e2 Ba6 24. R2e5 Nc7 25. Re7 Bxe7 26. Rxe7 Qxd4 27. h4 Qxf2+ 28. Kh2 Rf7 0-1

[Event "Essen op"]
[Site "Essen"]
[Date "2000.??.??"]
[Round "9"]
[White "Kedziora, Claus"]
[Black "Panchenko, Alexandar G"]
[Result "0-1"]
[WhiteElo "2245"]
[BlackElo "2419"]
[PlyCount "62"]
[EventDate "2000.??.??"]
[EventType "swiss"]
[EventRounds "9"]
[EventCountry "GER"]
[SourceTitle "EXT 2001"]
[Source "ChessBase"]
[SourceDate "2000.11.22"]
[SourceVersion "1"]
[SourceVersionDate "2000.11.22"]
[SourceQuality "1"]

1. e4 Nf6 2. e5 Nd5 3. d4 d6 4. Nf3 Bg4 5. Be2 Nc6 6. 0-0 dxe5 7. Nxe5 Nxe5 8. dxe5 Bf5 9. Bd3 Bxd3 10. Qxd3 Qd7 11. Qb3 0-0-0 12. Nd2 e6 13. a3 h6 14. Qf3 g5 15. b4 Bg7 16. Bb2 Rhf8 17. Rfd1 Nf4 18. g3 Ng6 19. Qe2 Qc6 20. Nb3 g4 21. Na5 Qf3 22. Re1 Rd5 23. Nc4 h5 24. Rab1 Rfd8 25. h4 Qxe2 26. Rxe2 b5 27. Ne3 Rd2 28. Rxd2 Rxd2 29. Re1 Bxe5 30. Nc4 bxc4 31. Bxe5 Rxc2 0-1

[Event "Ruhrgebiet-ch"]
[Site "Germany"]
[Date "1999.06.11"]
[Round "?"]
[White "Wolff, Christoph"]
[Black "Kedziora, Claus"]
[Result "1-0"]
[WhiteElo "2100"]
[BlackElo "2279"]
[PlyCount "51"]
[EventDate "1999.??.??"]
[EventType "swiss"]
[EventRounds "7"]
[EventCountry "GER"]
[SourceTitle "EXT 2002"]
[Source "ChessBase"]
[SourceDate "2001.11.25"]
[SourceVersion "1"]
[SourceVersionDate "2001.11.25"]
[SourceQuality "1"]

1. e4 c5 2. Nf3 d6 3. d4 cxd4 4. Nxd4 Nf6 5. Nc3 a6 6. Bg5 e6 7. f4 Qb6 8. Qd2 Qxb2 9. Rb1 Qa3 10. f5 Nc6 11. fxe6 fxe6 12. Nxc6 bxc6 13. Be2 Qa5 14. 0-0 Be7 15. Rb3 0-0 16. Nd5 Qxd2 17. Nxe7+ Kf7 18. Bxd2 Kxe7 19. e5 Ne4 20. exd6+ Ke8 21. Bf3 Nxd2 22. Bxc6+ Bd7 23. Rxf8+ Kxf8 24. Bxa8 Nxb3 25. axb3 Kf7 26. c4 1-0

[Event "Ruhrgebiet-ch"]
[Site "Germany"]
[Date "1999.06.06"]
[Round "4"]
[White "Kedziora, Claus"]
[Black "Kilian, Ralf"]
[Result "0-1"]
[WhiteElo "2279"]
[BlackElo "2279"]
[PlyCount "108"]
[EventDate "1999.??.??"]
[EventType "swiss"]
[EventRounds "7"]
[EventCountry "GER"]
[SourceTitle "EXT 2002"]
[Source "ChessBase"]
[SourceDate "2001.11.25"]
[SourceVersion "1"]
[SourceVersionDate "2001.11.25"]
[SourceQuality "1"]

1. e4 e6 2. d4 d5 3. Nd2 c5 4. exd5 exd5 5. Bb5+ Bd7 6. Qe2+ Be7 7. dxc5 Nf6 8. Ngf3 0-0 9. 0-0 Re8 10. Nb3 a5 11. Bg5 a4 12. Nbd4 Bxc5 13. Qd3 Nc6 14. c3 h6 15. Bh4 Re4 16. Bxc6 bxc6 17. Rfe1 Rb8 18. Qc2 Bd6 19. Rxe4 dxe4 20. Nd2 Bxh2+ 21. Kh1 Be5 22. Nxe4 Bxd4 23. cxd4 Bf5 24. Bxf6 Bxe4 25. Qxe4 Qxf6 26. Rc1 Qxf2 27. Rxc6 Qxb2 28. Qf4 Rd8 29. d5 Qxa2 30. d6 Qd5 31. Qxa4 Rxd6 32. Rxd6 Qxd6 33. Qb5 Qe6 34. Qa5 g6 35. Qc3 Kh7 36. Qa1 h5 37. Qc3 Qf5 38. Qa1 h4 39. Qc3 Qf1+ 40. Kh2 Qf4+ 41. Kh1 Qf5 42. Kh2 g5 43. Qe1 Qf4+ 44. Kh1 g4 45. Qb1+ Kg7 46. Qa1+ Qf6 47. Qd1 g3 48. Qd4 Kg6 49. Qb6 Qe6 50. Qe3 Qf5 51. Qe1 Qc2 52. Qg1 h3 53. gxh3 Qe4+ 54. Qg2 Qe1+ 0-1

[Event "Ruhrgebiet-ch"]
[Site "Germany"]
[Date "1999.06.04"]
[Round "2"]
[White "Kedziora, Claus"]
[Black "Wuenderlich, Robin"]
[Result "1-0"]
[WhiteElo "2279"]
[BlackElo "2232"]
[PlyCount "35"]
[EventDate "1999.??.??"]
[EventType "swiss"]
[EventRounds "7"]
[EventCountry "GER"]
[SourceTitle "EXT 2002"]
[Source "ChessBase"]
[SourceDate "2001.11.25"]
[SourceVersion "1"]
[SourceVersionDate "2001.11.25"]
[SourceQuality "1"]

1. e4 e6 2. d4 d5 3. Nd2 Nf6 4. e5 Nfd7 5. Bd3 c5 6. c3 Nc6 7. Ne2 Qb6 8. Nf3 cxd4 9. cxd4 f6 10. exf6 Nxf6 11. 0-0 Bd6 12. Be3 0-0 13. Nc3 Bd7 14. Re1 Rac8 15. Rc1 Rc7 16. Ne5 Be8 17. Ng4 Qxb2 18. Nb5 1-0